Centrá zdieľaných služieb v Strednej Európe: prehľad literatúry

Prehľad literatúry na tému centier zdieľaných služieb; konkrétnejšie sa pozornosť zameria na región strednej Európy.

Enregistré dans:
Détails bibliographiques
Auteur principal: Grachová, Dagmar, 1997-
Format: Chapitre de livre
Langue:slovaque
Sujets:
Tags: Ajouter un tag
Pas de tags, Soyez le premier à ajouter un tag!

MARC

LEADER 00000naa$a2200000$$$4500
001 0289771
005 20240502074437.2
041 0 |a slo 
044 |a SK 
245 1 0 |a Centrá zdieľaných služieb v Strednej Európe: prehľad literatúry  |c Dagmar Grachová 
520 |a Prehľad literatúry na tému centier zdieľaných služieb; konkrétnejšie sa pozornosť zameria na región strednej Európy. 
610 2 0 |a služby zdieľané 
610 2 0 |a literatúra 
610 2 0 |a stredná Európa 
100 1 |a Grachová, Dagmar, 1997-